تحميل...
International labour standards: a handbook /
| المؤلف الرئيسي: | |
|---|---|
| التنسيق: | Printed Book |
| اللغة: | English |
| منشور في: |
Delhi :
Manohar,
1977.
|
| LEADER | 00458nam a2200133Ia 4500 | ||
|---|---|---|---|
| 008 | 150624b xxu||||| |||| 00| 0 eng d | ||
| 082 | |a 331 | ||
| 100 | |a Vaidyanathan, N. | ||
| 245 | |a International labour standards: |b a handbook / |c N. Vaidyanathan | ||
| 260 | |a Delhi : |b Manohar, |c 1977. | ||
| 300 | |a 281 p. | ||
| 942 | |c BK | ||
| 999 | |c 31252 |d 31252 | ||
| 952 | |0 0 |1 0 |4 0 |6 331_000000000000000_VAI_I |7 0 |9 31251 |a UL |b UL |c ST2 |d 1998-08-28 |l 0 |o 331 VAI/I |p 42881 |r 2012-10-27 |w 2012-10-27 |y BK | ||